Lịch sử triết học phương Đông T.1 : Trung Hoa thời kỳ khởi điểm của triết học /

Lịch sử triết học Trung Hoa thời đại Tây Chu và Đông Chu.

Zapisane w:
Opis bibliograficzny
1. autor: Nguyễn Đăng Thục.
Format: Książka
Język:Vietnamese
Wydane: Tp.HCM : Nxb Tp.HCM, 1997.
Hasła przedmiotowe:
Etykiety: Dodaj etykietę
Nie ma etykietki, Dołącz pierwszą etykiete!
Thư viện lưu trữ: Mạng thư viện Đại học Đà Nẵng
LEADER 00951cam a2200325 i 4500
001 000042306
003 180
005 20041028161440.0
008 010217b1997 vm 000 vie
022 |a T 
040 |a IRC  |c IRC  |d IRC 
041 0 |a vie 
082 1 4 |a 181.009  |b NG-T 
100 1 |a Nguyễn Đăng Thục. 
245 1 0 |a Lịch sử triết học phương Đông  |n T.1 :  |p Trung Hoa thời kỳ khởi điểm của triết học /  |c Nguyễn Đăng Thục. 
260 |a Tp.HCM :  |b Nxb Tp.HCM,  |c 1997. 
300 |a 467 tr. ;  |c 19 cm. 
520 3 |a Lịch sử triết học Trung Hoa thời đại Tây Chu và Đông Chu. 
630 0 4 |a Triết học. 
650 0 4 |a Triết học phương Đông. 
OWN |a DUT 
999 |a From the UDN01 
TYP |a Monograph 
TYP |a Printed language 
980 |a Mạng thư viện Đại học Đà Nẵng